VOB v teórii a praxi (časť 5) Zásady zadávania

Bibliographic Details
Main Author: Pieper, Willi (Author)
Format: Article
Language:Slovak
ISSN:1335-1249
Subjects:

MARC

LEADER 00000nab a2200000 a 4500
001 vtls000595932
003 SK-MaSNL
005 20260305012445.0
008 250425c1996 xo 0 slo
015 |a SNBRB19rr/mm-uuuuu 
035 |a CL0596071 
035 |a urn:nbn:sk:snk-abak1l 
035 |a (urnnbn)urn:nbn:sk:snk:ar-008eeu 
035 |a (uuid)fd779ae0-102b-4acd-8cee-ff0bf36bb008 
040 |a SNKBUCL  |b slo  |c SNKBUCL  |e AACR2 
041 0 |a slo 
044 |a xo  |c SK 
080 |a 351.712(430):69  |2 1981 
080 |a 69  |2 1981 
100 1 |a Pieper, Willi  |4 aut  |9 1149566 
245 1 0 |a VOB v teórii a praxi (časť 5)  |b Zásady zadávania  |c Willi Pieper 
500 |a Pokračovanie 
650 0 7 |a stavby  |2 snkbucl  |9 2983 
650 0 7 |a Poriadok pre zadávanie stavieb  |2 snkbucl  |9 1588990 
651 7 |a Nemecko  |2 snkbucl  |9 21020 
655 7 |a články z novín a časopisov  |2 snkbucl  |9 267496 
773 0 |t Eurostav  |g Roč. 2, č. 4 (1996), s. 55-56  |x 1335-1249 
850 |a Slovenská národná knižnica 
852 |a Slovenská národná knižnica 
954 |a odborná, vedecká literatúra pôvodná (slovenská)  |2 lita 
958 |a article14 
958 |a OND 
958 |a RK 
958 |a DE 
958 |a EUIPO 
992 |a RBX 
999 |c 3257613  |d 3259543